000 00737nam a2200241Ia 4500
003 GCL
008 140319s9999 xx 000 0 ara d
040 _aGCL /
_cGCL
082 0 4 _a792.9
_bف ا
100 1 _aفروست، انتونى
245 1 0 _aالارتجال فى الدراما /
_cفروست، انتونى
700 1 _aيارومار الف
700 1 _aمركز اللغات والترجمة(مترجم)
260 _a[S.N] :
_bوزارة الثقافة ،
_c1994
300 _a250 ص
490 _a
650 0 4 _aالمسرح
650 0 4 _aالمسرحيات
650 0 4 _aالمسرح التجريبى
650 0 4 _aالمسرحيات التجريبية
650 0 4 _aتاريخ ونقد
942 _2ddc
_cBK
999 _c35271
_d35271